000 00464nam a2200133 a 4500
008 120416s1997 xx |||||||||||||| || u
050 _aTHESIS/STUDENT
100 _aChimuka, Chindongwe Busiku
245 1 0 _aBank supervision and deposit insurance
246 _athe 1995 bank crisis
260 _c1997
350 _a0.00
995 _D0.00
_FCBU-MAIN LIBRARY (Kitwe)
_H1
_I0.00
_UAVAILABLE
_ZUniversity Collection
999 _c35443
_d35443